000
00370nam a22001337a 4500
003
SGT
020
_a
9789380044859
082
_a
891.4309
_b
Y11V
100
_a
वाजपयी, मणिकांत
245
_a
यक्ष प्रश्न बरक़रार
260
_b
अंतिका प्रकाशन
_c
2011
300
_a
104
942
_2
ddc
_c
BK
999
_c
29966
_d
29966